000 00532nam a2200181Ia 4500
999 _c28976
_d28976
003 OSt
005 20210106131611.0
008 190216s9999||||xx |||||||||||||| ||und||
020 _a9788182643451
040 _coclc
082 _a894.8129
_bGOP/S
100 _aGopakumar, T N
_96928
245 0 _aSucheendram Rekhakal /
_cT N Gopakumar
260 _bMathrubhumi Printing And Publishing,
_aKozhikode:
_c2006.
300 _a60p
650 _aOormakurip
942 _cBK
_2ddc
_h894.8129
_iGOP/S
_k894.8129
_mGOP/S